O auto das padeiras chamado da fome ou do centeo e milho (Registo nº 200686)
[ vista simples ]
| 000 -Etiqueta do registo | |
|---|---|
| Valores | 00797nam 22001933 4500 |
| 100 ## - Dados gerais de processamento | |
| Dados gerais | 20260223d u||y0pory50 ba |
| 200 ## - Titulo e menção de responsabilidade | |
| Título próprio | O auto das padeiras chamado da fome ou do centeo e milho |
| Primeira menção de responsabilidade | texto anónimo do século XVI |
| Outras menções de responsabilidade | introdução, texto critico e notas por Maria Jose Lancastre |
| 210 ## - Publicação | |
| Local de publicação | Braga |
| Nome do editor | Fundação Calouste Gulbenkian - Centro Cultural Português |
| Data de publicação | 1982 |
| 215 ## - Descrição física | |
| Paginação / Volumes | 827, [4] p. |
| Outras indicações físicas | brochado |
| Dimensões | 26 cm |
| 300 ## - Notas gerais | |
| Texto da nota | . - Separata Arquivo Centro Cultural Português de Paris, volume XVII |
| 317 ## - Nota de proveniência | |
| Texto da nota | . - oferta da escritora ao Prof. Dr. Almeida Faria |
| 606 ## - Nome comum usado como assunto | |
| ID Autoridade | 24 |
| Palavra de ordem | Literatura Portuguesa |
| Subdivisão assunto | Teatro |
| 675 ## - CDU | |
| Notação | 821.134.3-2 |
| Edição | PT |
| Língua | por |
| 700 ## - Autor principal (pessoa individual) | |
| ID Autoridade | 8632 |
| Apelido | Lancastre |
| Nome | Maria José de |
| Datas | 1946- |
| 801 ## - Fonte de origem | |
| País | PT |
| Agência | BMMN |
| Regras de catalogação | RPC |
| 830 ## - Notas gerais do catalogador | |
| Criado por | Ana |
| Indexado por | Ana |
| 990 ## - Elementos KOHA | |
| Tipo de documento | Livro |
| Situação do levantamento | Biblioteca de origem | Código de barras | Cota | Permissão de empréstimo | Tipo de documento | Nota relativa ao exemplar | Forma de aquisição |
|---|---|---|---|---|---|---|---|
| Biblioteca Municipal de Montemor-o-Novo | 29918 | 821.134.3-2 LAN|SAF | Livro | Acesso condicionado | Oferta |